[Event "Tatry Open 2014"]
[Site "Tatranske Zruby SVK"]
[Date "2014.09.30"]
[Round "4.19"]
[White "Langner, L1."]
[Black "Kolesar, Mil"]
[Result "1-0"]
[WhiteElo "2363"]
[BlackElo "2166"]
[PlyCount "71"]
[EventDate "2014.09.28"]

1. e4 c5 2. d4 cxd4 3. c3 Nf6 4. e5 Nd5 5. Nf3 Nc6 6. Bc4 Nb6 7. Bb3 d5 8. exd6
Qxd6 9. O-O Be6 10. Bxe6 Qxe6 11. Nxd4 Nxd4 12. Qxd4 Rd8 13. Qh4 Qe2 14. Bd2 e6
15. Re1 Qb5 16. b3 Be7 17. Qg3 O-O 18. c4 Qf5 19. Bc3 Qg6 20. Nd2 Rd3 21. Re3
Rfd8 22. Rxd3 Rxd3 23. Qb8+ Rd8 24. Qxb7 Bf6 25. Ne4 Bxc3 26. Nxc3 Qc2 27. Qc7
Ra8 28. Nb5 Qb2 29. Rd1 g6 30. Nxa7 Qxa2 31. Qxb6 Rxa7 32. h4 Ra3 33. Qb8+ Kg7
34. Qe5+ Kh6 35. Qg5+ Kg7 36. h5 1-0

[Event "Tatry Open 2014"]
[Site "Tatranske Zruby SVK"]
[Date "2014.09.30"]
[Round "4.20"]
[White "Lanc, A."]
[Black "Klemanic, E."]
[Result "1/2-1/2"]
[WhiteElo "2363"]
[BlackElo "2160"]
[PlyCount "103"]
[EventDate "2014.09.28"]

1. e4 d6 2. d4 Nf6 3. Nc3 e5 4. Nf3 Nbd7 5. Bc4 Be7 6. O-O c6 7. a4 O-O 8. Re1
b6 9. d5 cxd5 10. Nxd5 Nxd5 11. Bxd5 Rb8 12. c3 Nf6 13. Bb3 Bb7 14. Bc2 Qc7 15.
Bg5 h6 16. Bxf6 Bxf6 17. Qd3 Be7 18. Nd2 g6 19. Nf1 Bg5 20. Ne3 Bxe3 21. Rxe3
Kg7 22. c4 Rbc8 23. b3 a5 24. Rd1 Rfd8 25. Qd2 Qe7 26. Rg3 Qh4 27. Qe3 Rc6 28.
Rf1 Qf4 29. Qe2 h5 30. Re3 Bc8 31. Qe1 h4 32. Qa1 Rh8 33. Qc3 Be6 34. Rf3 Qg5
35. Re1 Qe7 36. Rd3 g5 37. h3 Rh6 38. Bd1 Rg6 39. Bh5 Rh6 40. Bf3 Rg6 41. Bg4
Bxg4 42. hxg4 Qe6 43. f3 Rh6 44. Qd2 Qf6 45. Kh2 Kf8 46. Rd1 Ke7 47. Qe3 Qf4+
48. Qxf4 exf4 49. Rd5 f6 50. R1d4 Rh8 51. Rb5 Rhc8 52. Rbd5 1/2-1/2

[Event "Tatry Open 2014"]
[Site "Tatranske Zruby SVK"]
[Date "2014.09.30"]
[Round "4.21"]
[White "Partys, P."]
[Black "Certek, P."]
[Result "0-1"]
[WhiteElo "2088"]
[BlackElo "2267"]
[PlyCount "46"]
[EventDate "2014.09.28"]

1. d4 d5 2. c4 e6 3. Nc3 Be7 4. cxd5 exd5 5. Bf4 c6 6. e3 Bf5 7. g4 Bg6 8. Nf3
Nd7 9. Be2 h6 10. Qd2 Ngf6 11. Nh4 Ne4 12. Nxe4 Bxe4 13. Nf3 g5 14. Bg3 h5 15.
O-O h4 16. Be5 f6 17. Nxg5 fxe5 18. Ne6 Qb6 19. f3 Bg6 20. f4 exd4 21. exd4 Nf8
22. Ng7+ Kf7 23. Qe3 Bf6 0-1

[Event "Tatry Open 2014"]
[Site "Tatranske Zruby SVK"]
[Date "2014.09.30"]
[Round "4.22"]
[White "Michalicka, M."]
[Black "Mrva, V."]
[Result "1/2-1/2"]
[WhiteElo "2225"]
[BlackElo "2138"]
[PlyCount "121"]
[EventDate "2014.09.28"]

1. d4 Nf6 2. c4 e6 3. g3 Bb4+ 4. Bd2 c5 5. Bxb4 cxb4 6. Bg2 O-O 7. Nf3 d6 8. a3
Na6 9. O-O Re8 10. Qd2 Qb6 11. Qf4 Qc7 12. Nbd2 e5 13. Qh4 h6 14. e3 e4 15. Ne1
Qe7 16. h3 Bf5 17. g4 Bg6 18. Nc2 bxa3 19. Rxa3 d5 20. c5 Nc7 21. Rfa1 a6 22.
Qg3 Rac8 23. Bf1 Red8 24. Rb3 Ne6 25. Ra4 Rd7 26. Rab4 Rcc7 27. Ne1 Nd8 28. Ng2
Nc6 29. Ra4 Kh8 30. h4 Bh7 31. g5 Ng8 32. Nf4 Bf5 33. Be2 g6 34. Nf1 h5 35. Qh2
Rd8 36. Ng3 Bc8 37. f3 exf3 38. Bxf3 Be6 39. Nge2 Rcd7 40. Qg2 Qe8 41. Ra1 Nge7
42. Nc3 Nf5 43. Qf2 Qe7 44. Na4 Re8 45. Nb6 Rdd8 46. Raa3 Qc7 47. Nbxd5 Qb8 48.
Nxe6 Rxe6 49. Nf4 Ncxd4 50. Nxe6 Nxf3+ 51. Qxf3 Rd2 52. Qf4 Qe8 53. Nd4 Nxd4
54. Qf6+ Kg8 55. Rd3 Ne2+ 56. Kf2 Nc3+ 57. Rxd2 Ne4+ 58. Ke2 Qb5+ 59. Rad3 Nxf6
60. gxf6 Kh7 61. Kf2 1/2-1/2

[Event "Tatry Open 2014"]
[Site "Tatranske Zruby SVK"]
[Date "2014.09.30"]
[Round "4.23"]
[White "Burnett, A."]
[Black "Konak, J."]
[Result "1-0"]
[WhiteElo "2222"]
[BlackElo "2132"]
[PlyCount "105"]
[EventDate "2014.09.28"]

1. e4 c5 2. Nc3 Nc6 3. Bb5 Nd4 4. Nf3 Nxb5 5. Nxb5 a6 6. Nc3 d6 7. d4 cxd4 8.
Qxd4 e6 9. Bg5 f6 10. Be3 Bd7 11. O-O-O Ne7 12. Rhe1 Nc6 13. Qb6 Qxb6 14. Bxb6
Rc8 15. Nd2 Ne5 16. f4 Nc4 17. Nxc4 Rxc4 18. Rd3 Rc6 19. Ba5 b5 20. Red1 Bc8
21. a3 g6 22. Bb4 Bb7 23. e5 fxe5 24. fxe5 d5 25. Ne4 Bxb4 26. axb4 Rc7 27. c3
Rf8 28. Nf6+ Kd8 29. Rd4 Bc8 30. R1d3 Rff7 31. b3 Ke7 32. Rf3 Rg7 33. Kd2 Bd7
34. Rh3 h5 35. Rg3 Be8 36. h4 Kf8 37. Rg5 Ra7 38. g4 hxg4 39. Rdxg4 a5 40. bxa5
Rxa5 41. h5 Ra2+ 42. Ke3 Rh2 43. hxg6 Rh6 44. Nxe8 Kxe8 45. Kd4 Rh3 46. Rg3
Rh4+ 47. Kc5 b4 48. cxb4 Kf8 49. b5 Rh1 50. b6 Rc1+ 51. Kb5 d4 52. Rd3 Rc8 53.
Rxd4 1-0

[Event "Tatry Open 2014"]
[Site "Tatranske Zruby SVK"]
[Date "2014.09.30"]
[Round "4.24"]
[White "Ramik, Z."]
[Black "Marczuk, D."]
[Result "1/2-1/2"]
[WhiteElo "2216"]
[BlackElo "2110"]
[PlyCount "87"]
[EventDate "2014.09.28"]

1. e4 c5 2. Nc3 a6 3. d3 b5 4. f4 Bb7 5. Nf3 e6 6. Be2 d5 7. e5 h5 8. a3 Nh6 9.
O-O Nf5 10. Qe1 Nc6 11. Bd1 Be7 12. Bd2 Qb6 13. h4 c4+ 14. Kh2 cxd3 15. cxd3
Bc5 16. b4 Be3 17. Ra2 Bxd2 18. Qxd2 Rc8 19. Re1 Ncd4 20. g3 Nxf3+ 21. Bxf3 Qd4
22. Nd1 g6 23. Bg2 O-O 24. Bh3 Qb6 25. Bxf5 exf5 26. Nf2 d4 27. Nh3 Rc3 28. Re2
Qc6 29. Ra1 Rc8 30. e6 fxe6 31. Ng5 Rc1 32. Rxc1 Qxc1 33. Qxc1 Rxc1 34. g4 Rh1+
35. Kg3 Rg1+ 36. Kf2 Rg2+ 37. Ke1 Rxe2+ 38. Kxe2 Bd5 39. gxh5 gxh5 40. Kf2 Kg7
41. Ke2 Kf6 42. Nh7+ Kg7 43. Ng5 Kf6 44. Nh7+ 1/2-1/2

[Event "Tatry Open 2014"]
[Site "Tatranske Zruby SVK"]
[Date "2014.09.30"]
[Round "4.25"]
[White "Tropp, O."]
[Black "Steiner, B."]
[Result "1/2-1/2"]
[WhiteElo "2048"]
[BlackElo "2212"]
[PlyCount "81"]
[EventDate "2014.09.28"]

1. c4 c5 2. g3 Nc6 3. Bg2 g6 4. Nc3 Bg7 5. e3 e5 6. a3 Nge7 7. Nge2 O-O 8. Rb1
a5 9. O-O d6 10. d3 Rb8 11. Bd2 Bg4 12. h3 Be6 13. Nd5 b5 14. Nxe7+ Nxe7 15.
cxb5 Rxb5 16. b4 axb4 17. axb4 Qd7 18. bxc5 Rxb1 19. Qxb1 dxc5 20. Qc2 Rc8 21.
Kh2 c4 22. dxc4 Bxc4 23. Bb4 Bd3 24. Qa2 Rc2 25. Qa8+ Rc8 26. Qa2 e4 27. Rc1
Rb8 28. Bc3 Rc8 29. Bxg7 Kxg7 30. Rxc8 Qxc8 31. Qb2+ f6 32. Nf4 Qc4 33. Qb7 Kf7
34. Qd7 g5 35. Nh5 Qc2 36. Ng7 Qxf2 37. Qe8+ Kxg7 38. Qxe7+ Kg6 39. g4 Qxe3 40.
Qe8+ Kg7 41. Qe7+ 1/2-1/2

[Event "Tatry Open 2014"]
[Site "Tatranske Zruby SVK"]
[Date "2014.09.30"]
[Round "4.26"]
[White "Sikora, J."]
[Black "Czajkowski, R."]
[Result "1/2-1/2"]
[WhiteElo "2211"]
[BlackElo "2084"]
[PlyCount "110"]
[EventDate "2014.09.28"]

1. e4 e6 2. d4 d5 3. e5 Ne7 4. Nf3 Qd7 5. c3 b6 6. Be3 h5 7. Nbd2 Nf5 8. b4 Ba6
9. Bxa6 Nxa6 10. Qe2 Nb8 11. O-O Be7 12. Nb3 c6 13. a4 a6 14. Rfe1 Qb7 15. Bg5
Bxg5 16. Nxg5 Qe7 17. f4 Nd7 18. a5 b5 19. Rad1 h4 20. Rd3 Rh6 21. Rh3 O-O-O
22. Rd1 Re8 23. Re1 Kc7 24. Kf2 Reh8 25. Rh1 Kb7 26. g4 hxg3+ 27. hxg3 Rxh3 28.
Rxh3 Rxh3 29. Nxh3 f6 30. exf6 gxf6 31. Qh5 Qg7 32. g4 Nd6 33. Ke3 e5 34. fxe5
fxe5 35. dxe5 Nc4+ 36. Ke2 Ncxe5 37. Nf2 Qe7 38. Kf1 Nc4 39. g5 Ne3+ 40. Kg1
Qe5 41. Qh3 Qxg5+ 42. Kh1 Nf5 43. Nd3 Qh6 44. Qxh6 Nxh6 45. Nbc5+ Nxc5 46.
Nxc5+ Ka7 47. Kg2 Nf5 48. Kf3 Nd6 49. Kf4 Nc4 50. Kf5 Nd2 51. Ke5 Nc4+ 52. Ke6
Ne3 53. Ke5 Nc4+ 54. Ke6 Ne3 55. Ke5 Nc4+ 1/2-1/2

[Event "Tatry Open 2014"]
[Site "Tatranske Zruby SVK"]
[Date "2014.09.30"]
[Round "4.27"]
[White "Privara, I."]
[Black "Mitura, V."]
[Result "1/2-1/2"]
[WhiteElo "2205"]
[BlackElo "2083"]
[PlyCount "84"]
[EventDate "2014.09.28"]

1. e4 c6 2. d4 d5 3. e5 Bf5 4. Nd2 e6 5. Nb3 Nd7 6. Nf3 Bg6 7. Be2 Nh6 8. O-O
Nf5 9. Bd2 Be7 10. c4 dxc4 11. Na5 Qc7 12. Nxc4 O-O 13. Rc1 Bh5 14. Bc3 Nb6 15.
Nfd2 Bxe2 16. Qxe2 Rad8 17. Nxb6 axb6 18. Nf3 Rd5 19. Rfd1 Qd8 20. Rd2 Bg5 21.
Nxg5 Qxg5 22. Rf1 h5 23. g3 Rfd8 24. Rfd1 Qg6 25. h3 R8d7 26. Kh2 Qh6 27. Rd3
h4 28. Kg2 hxg3 29. fxg3 c5 30. dxc5 Qg6 31. Kh2 bxc5 32. g4 Ne3 33. Rxd5 Nxd5
34. Qb5 Rd8 35. Qxc5 Qe4 36. Qf2 Rc8 37. Re1 Qc4 38. a3 Nxc3 39. Rc1 Qe4 40.
Rxc3 Qxe5+ 41. Qg3 Qe2+ 42. Qg2 Qe5+ 1/2-1/2

[Event "Tatry Open 2014"]
[Site "Tatranske Zruby SVK"]
[Date "2014.09.30"]
[Round "4.28"]
[White "Jiruse, J."]
[Black "Sorkovsky, M."]
[Result "1/2-1/2"]
[WhiteElo "2014"]
[BlackElo "2204"]
[PlyCount "108"]
[EventDate "2014.09.28"]

1. e4 d5 2. exd5 Nf6 3. Nc3 Nxd5 4. Bc4 Nb6 5. Bb3 c5 6. d3 Nc6 7. Nf3 Bf5 8.
Nh4 Bg6 9. Nxg6 hxg6 10. Ne4 e6 11. c3 Nd5 12. Qe2 Be7 13. Be3 b6 14. f4 Qc7
15. g3 Nxe3 16. Qxe3 O-O-O 17. O-O-O Kb8 18. h4 Nd4 19. Qf2 Nf5 20. Kb1 Bf6 21.
Ng5 Bxg5 22. hxg5 Rxh1 23. Rxh1 Rxd3 24. Bc2 Rd8 25. Be4 Qd7 26. Kc1 Qa4 27.
Bg2 Qxa2 28. g4 Ne7 29. Qe3 Qa1+ 30. Kc2 Qa4+ 31. Kc1 Nd5 32. Qe5+ Kc8 33. Rf1
Qd7 34. f5 gxf5 35. gxf5 Nc7 36. Qe4 Qd2+ 37. Kb1 Qd3+ 38. Qxd3 Rxd3 39. fxe6
fxe6 40. Rf8+ Rd8 41. Bb7+ Kd7 42. Rf7+ Kd6 43. Rxg7 Rd7 44. Rg8 Ne8 45. Be4
Ng7 46. Rf8 Ke5 47. Bc2 Nf5 48. g6 Rg7 49. Rf7 Rxg6 50. Rxa7 Rg1+ 51. Ka2 Ne3
52. Bb3 c4 53. Ba4 Nd5 54. Bb5 Ne3 1/2-1/2

[Event "Tatry Open 2014"]
[Site "Tatranske Zruby SVK"]
[Date "2014.09.30"]
[Round "4.29"]
[White "Marek, Mat"]
[Black "Giertli, V."]
[Result "1-0"]
[WhiteElo "2200"]
[BlackElo "2078"]
[PlyCount "47"]
[EventDate "2014.09.28"]

1. e4 c5 2. Nf3 d6 3. d4 cxd4 4. Nxd4 Nf6 5. Nc3 e6 6. g4 Be7 7. g5 Nfd7 8. h4
a6 9. Be3 b5 10. a3 Nb6 11. Qd2 Bd7 12. O-O-O Nc6 13. Nxc6 Bxc6 14. Qd4 Rb8 15.
Qxg7 Rf8 16. Qxh7 Nd7 17. g6 Nf6 18. gxf7+ Rxf7 19. Qg6 b4 20. axb4 Rxb4 21.
Bh3 Bd7 22. Rd4 a5 23. Rhd1 Qb8 24. e5 1-0

[Event "Tatry Open 2014"]
[Site "Tatranske Zruby SVK"]
[Date "2014.09.30"]
[Round "4.30"]
[White "Dostal, R."]
[Black "Dobrotka, M."]
[Result "1/2-1/2"]
[WhiteElo "2078"]
[BlackElo "2189"]
[PlyCount "63"]
[EventDate "2014.09.28"]

1. e4 e6 2. d4 d5 3. Nc3 Nf6 4. Bg5 Be7 5. Bxf6 Bxf6 6. e5 Bg5 7. h4 Be7 8. Qg4
Bf8 9. Bd3 Nc6 10. a3 Qe7 11. Nf3 h6 12. O-O-O Bd7 13. Qf4 O-O-O 14. g4 Kb8 15.
g5 Rc8 16. h5 hxg5 17. Nxg5 f5 18. Bxf5 exf5 19. Nxd5 Qe8 20. Nc3 Rxh5 21. e6
Bd6 22. Qe3 Bxe6 23. Nxe6 Rxh1 24. Rxh1 f4 25. Qe4 Qe7 26. d5 Nd8 27. Nb5 Nxe6
28. dxe6 Re8 29. Re1 a6 30. Nxd6 Qxd6 31. Qg6 Re7 32. Qf5 1/2-1/2

[Event "Tatry Open 2014"]
[Site "Tatranske Zruby SVK"]
[Date "2014.09.30"]
[Round "4.31"]
[White "Rous, D."]
[Black "Kukucka, M."]
[Result "1/2-1/2"]
[WhiteElo "2188"]
[BlackElo "2073"]
[PlyCount "141"]
[EventDate "2014.09.28"]

1. Nf3 g6 2. c4 Bg7 3. Nc3 Nf6 4. g3 O-O 5. Bg2 d5 6. cxd5 Nxd5 7. O-O c5 8.
Nxd5 Qxd5 9. d3 Nc6 10. a3 Qd7 11. Qc2 b6 12. Bd2 Bb7 13. Rfc1 Rac8 14. Rab1
Nd4 15. Nxd4 Bxd4 16. Bxb7 Qxb7 17. Qd1 Rfd8 18. Rc2 Qd7 19. Rbc1 Qf5 20. Qf1
Qd7 21. Qg2 a5 22. Bc3 Bxc3 23. Rxc3 Rb8 24. Qe4 e6 25. Qf3 Qd5 26. Qf6 Qd4 27.
Qf3 Qd5 28. Qf4 Qd4 29. Qxd4 Rxd4 30. Rb3 Rdd8 31. Rb5 Kf8 32. Rc3 Ke7 33. a4
Rd4 34. Rcxc5 bxc5 35. Rxb8 Rxa4 36. Rb7+ Kf6 37. Rb5 Rb4 38. Rxa5 Rxb2 39. Kf1
Rb1+ 40. Kg2 Rc1 41. Kf3 h5 42. Ra4 Rc2 43. Ke3 Rb2 44. Rc4 Rb5 45. Kd2 Ke7 46.
Kc3 Kd6 47. Ra4 Rb7 48. Ra6+ Kd7 49. h3 Kc7 50. Kc4 Kd7 51. Kxc5 Rb2 52. Ra7+
Ke8 53. e4 Rxf2 54. d4 Rf3 55. Kd6 Kf8 56. Ra8+ Kg7 57. Ke7 Re3 58. e5 Rxg3 59.
Rf8 Rf3 60. d5 exd5 61. e6 Re3 62. Rxf7+ Kg8 63. Kf6 Rf3+ 64. Kxg6 Rxf7 65.
exf7+ Kf8 66. Kxh5 Kxf7 67. Kg5 Kg7 68. Kf5 Kh6 69. Ke5 Kh5 70. h4 Kxh4 71.
Kxd5 1/2-1/2

[Event "Tatry Open 2014"]
[Site "Tatranske Zruby SVK"]
[Date "2014.09.30"]
[Round "4.32"]
[White "Mandak, M."]
[Black "Kubik, M."]
[Result "0-1"]
[WhiteElo "2003"]
[BlackElo "2177"]
[PlyCount "154"]
[EventDate "2014.09.28"]

1. d4 Nf6 2. Nf3 g6 3. e3 Bg7 4. Bd3 c5 5. O-O cxd4 6. exd4 O-O 7. Re1 Nc6 8.
Nc3 d5 9. h3 Nb4 10. Bf1 Bf5 11. Re2 Rc8 12. Ne1 Qc7 13. a3 Nc6 14. Nf3 Rfd8
15. g4 Nxg4 16. hxg4 Bxg4 17. Nh2 Bxd4 18. Nxg4 Qg3+ 19. Bg2 Qxg4 20. Re1 Qh4
21. Be3 Be5 22. Ne2 d4 23. Bd2 Bh2+ 24. Kf1 Rd6 25. Ng1 Ne5 26. Nh3 d3 27. Bg5
Qc4 28. cxd3 Nxd3 29. Qe2 Re6 30. Be3 Nxe1 31. Rxe1 Qxe2+ 32. Rxe2 b6 33. Bf3
h5 34. Kg2 Be5 35. Ng5 Rd6 36. Ne4 Rd3 37. Ng5 Bf6 38. Ne4 Bg7 39. Ng3 Rb3 40.
Bg5 e6 41. Re1 Rxb2 42. Rd1 Be5 43. Ne4 Kg7 44. Rd7 Ra2 45. Rxa7 b5 46. Be3 Rc7
47. Ra5 f6 48. Rxb5 Rxa3 49. Nc5 Kf7 50. Nb7 Rac3 51. Nc5 Ra3 52. Nb7 Rac3 53.
Nc5 Ke7 54. Na6 Rd7 55. Nc5 Rc7 56. Na6 Rc8 57. Nc5 Rc7 58. Na6 R7c4 59. Bc5+
Kf7 60. Be3 h4 61. Nc5 Bd4 62. Rb7+ Kg8 63. Bxd4 Rxd4 64. Nxe6 h3+ 65. Kh2 Rd2
66. Rg7+ Kh8 67. Rxg6 Rxf2+ 68. Kg1 Rcxf3 69. Rh6+ Kg8 70. Rxh3 Rxh3 71. Kxf2
Kf7 72. Nf4 Ra3 73. Kg2 f5 74. Kf2 Kf6 75. Kg2 Kg5 76. Ne6+ Kg4 77. Nc5 Ra2+
0-1

[Event "Tatry Open 2014"]
[Site "Tatranske Zruby SVK"]
[Date "2014.09.30"]
[Round "4.33"]
[White "Hurtak, Otto"]
[Black "Janousek, P."]
[Result "1/2-1/2"]
[WhiteElo "1995"]
[BlackElo "2174"]
[PlyCount "54"]
[EventDate "2014.09.28"]

1. d4 d5 2. c4 Nc6 3. Nf3 Bg4 4. Nc3 e6 5. cxd5 exd5 6. Bg5 Be7 7. Bxe7 Ngxe7
8. e3 Qd7 9. Be2 O-O 10. h3 Bxf3 11. Bxf3 Nd8 12. O-O Ne6 13. Be2 c6 14. b4 a6
15. Na4 Rae8 16. Nc5 Nxc5 17. bxc5 Ng6 18. Qd2 f5 19. Bh5 Re7 20. Rae1 Rf6 21.
f4 Nf8 22. Kh2 g6 23. Bd1 Ne6 24. g4 Ng7 25. g5 Rff7 26. Kg3 Ne6 27. h4 Qc7
1/2-1/2

[Event "Tatry Open 2014"]
[Site "Tatranske Zruby SVK"]
[Date "2014.09.30"]
[Round "4.34"]
[White "Polacik, I."]
[Black "Kula, Dominik"]
[Result "1/2-1/2"]
[WhiteElo "2173"]
[BlackElo "1973"]
[PlyCount "52"]
[EventDate "2014.09.28"]

1. d4 f5 2. c4 Nf6 3. Nc3 g6 4. g3 Bg7 5. Bg2 O-O 6. Nh3 d6 7. d5 Na6 8. Rb1
Nc5 9. Nf4 g5 10. Nd3 Nce4 11. Nxe4 fxe4 12. Nb4 h6 13. Nc2 Qe8 14. Ne3 Qh5 15.
f3 exf3 16. exf3 Nd7 17. O-O Ne5 18. b3 Bd7 19. Nc2 Rf7 20. Nd4 Raf8 21. Be3 c5
22. dxc6 bxc6 23. f4 Qxd1 24. Rbxd1 Ng4 25. Bc1 gxf4 26. gxf4 e5 1/2-1/2

[Event "Tatry Open 2014"]
[Site "Tatranske Zruby SVK"]
[Date "2014.09.30"]
[Round "4.35"]
[White "Jossien, R."]
[Black "Endresz, Pavol"]
[Result "1-0"]
[WhiteElo "2262"]
[BlackElo "1960"]
[PlyCount "63"]
[EventDate "2014.09.28"]

1. e4 c5 2. Nf3 e6 3. d3 Nc6 4. g3 d5 5. Nbd2 Nf6 6. Bg2 dxe4 7. dxe4 e5 8. O-O
Qc7 9. Re1 Be7 10. Nf1 O-O 11. c3 h6 12. Qc2 Be6 13. Nh4 Rad8 14. Nf5 Bc4 15.
f3 Bd3 16. Qf2 Rfe8 17. g4 c4 18. N1g3 Nd7 19. Be3 Bg5 20. Bxg5 hxg5 21. Qd2 f6
22. h4 gxh4 23. Nh5 Re7 24. Nxe7+ Nxe7 25. g5 f5 26. Qf2 Kf7 27. f4 g6 28. fxe5
Nxe5 29. Nf6 h3 30. Bxh3 Rh8 31. Re3 N7c6 32. Rae1 1-0

[Event "Tatry Open 2014"]
[Site "Tatranske Zruby SVK"]
[Date "2014.09.30"]
[Round "4.36"]
[White "Orosi, P."]
[Black "Borsos, B."]
[Result "0-1"]
[WhiteElo "2041"]
[BlackElo "2224"]
[PlyCount "76"]
[EventDate "2014.09.28"]

1. d4 Nf6 2. c4 e6 3. Nf3 Bb4+ 4. Bd2 Qe7 5. e3 b6 6. Bd3 Bb7 7. Qc2 O-O 8. Nc3
c5 9. a3 Bxc3 10. Bxc3 Bxf3 11. gxf3 cxd4 12. Bxd4 e5 13. Bc3 Nc6 14. O-O-O
Rac8 15. Rhg1 Kh8 16. f4 d5 17. fxe5 Nxe5 18. Bb4 Qe8 19. Bxf8 Qxf8 20. f4 Nxc4
21. Qf2 Nxe3+ 22. Kb1 Nxd1 23. Rxd1 Qc5 24. Qh4 h6 25. Re1 Ne4 26. f5 Nf6 27.
Qf4 Qc7 28. Qd2 Qc5 29. Re3 a5 30. Rh3 Qd4 31. Qg2 Ne4 32. Bxe4 dxe4 33. Qg4
Re8 34. Qf4 Qe5 35. Rxh6+ Kg8 36. Qg5 e3 37. Rh3 e2 38. Qh5 e1=Q+ 0-1

[Event "Tatry Open 2014"]
[Site "Tatranske Zruby SVK"]
[Date "2014.09.30"]
[Round "4.37"]
[White "Barrish, Daniel"]
[Black "Hrnciar, R."]
[Result "1-0"]
[WhiteElo "2144"]
[BlackElo "2039"]
[PlyCount "35"]
[EventDate "2014.09.28"]

1. d4 f5 2. Bg5 d5 3. e3 Nf6 4. Bxf6 exf6 5. c4 Bb4+ 6. Nc3 O-O 7. Qb3 Bxc3+ 8.
bxc3 c6 9. Bd3 Re8 10. Ne2 dxc4 11. Bxc4+ Kh8 12. h4 Qd6 13. g3 Nd7 14. Nf4 Nb6
15. Bf7 Re7 16. h5 h6 17. Ng6+ Kh7 18. Bg8# 1-0

[Event "Tatry Open 2014"]
[Site "Tatranske Zruby SVK"]
[Date "2014.09.30"]
[Round "4.38"]
[White "Vanka, M."]
[Black "Kotlowski, T."]
[Result "1-0"]
[WhiteElo "2135"]
[BlackElo "2034"]
[PlyCount "55"]
[EventDate "2014.09.28"]

1. e4 d6 2. d4 Nf6 3. Nc3 g6 4. f3 Bg7 5. Be3 O-O 6. Qd2 Nc6 7. O-O-O e5 8.
Nge2 Bd7 9. g4 a6 10. d5 Na5 11. Ng3 b5 12. h4 Rc8 13. h5 Ne8 14. g5 c5 15. Qh2
f6 16. hxg6 hxg6 17. Qh7+ Kf7 18. Rh6 Rg8 19. Rxg6 fxg5 20. Qh5 Bf6 21. Rxg5+
Kf8 22. Rxg8+ Kxg8 23. Qg6+ Bg7 24. Nh5 Qe7 25. Bh6 Qf7 26. Qg5 Kf8 27. Nxg7
Nxg7 28. Rd2 1-0

[Event "Tatry Open 2014"]
[Site "Tatranske Zruby SVK"]
[Date "2014.09.30"]
[Round "4.39"]
[White "Milcova, Z."]
[Black "Jablonicky, F."]
[Result "1/2-1/2"]
[WhiteElo "2027"]
[BlackElo "2126"]
[PlyCount "109"]
[EventDate "2014.09.28"]

1. e4 c5 2. c3 e6 3. Nf3 d5 4. exd5 exd5 5. d4 Nf6 6. Bf4 Nc6 7. Be2 Qb6 8. Qc1
cxd4 9. O-O Be7 10. Nxd4 Nxd4 11. cxd4 Qxd4 12. Bb5+ Kf8 13. Nc3 Be6 14. Be3
Qh4 15. Bg5 Qb4 16. a3 Qc5 17. Be2 h6 18. b4 Qc6 19. Be3 Nd7 20. Bb5 Qd6 21.
Bxd7 Qxd7 22. Qd2 b6 23. Rad1 Rd8 24. Bd4 f6 25. Rde1 Kf7 26. f4 Rhe8 27. Qf2
Bf5 28. Re3 Bf8 29. Rd1 Qc6 30. h3 Rxe3 31. Qxe3 Re8 32. Qd2 Rc8 33. g4 Be4 34.
f5 a5 35. Re1 axb4 36. Nxe4 dxe4 37. axb4 b5 38. Qa2+ Qc4 39. Qa7+ Rc7 40. Qb6
Qc6 41. Rxe4 Qxb6 42. Bxb6 Rc2 43. Bf2 Bd6 44. Rd4 Ke7 45. Rd5 Rc4 46. Rxb5
Rxb4 47. Rxb4 Bxb4 48. Kg2 Bd6 49. Kf3 Kf7 50. Be3 g5 51. Ke4 Bg3 52. Kd5 Be1
53. Bc5 Bg3 54. Bd6 Bf2 55. Bb4 1/2-1/2

[Event "Tatry Open 2014"]
[Site "Tatranske Zruby SVK"]
[Date "2014.09.30"]
[Round "4.40"]
[White "Hlinka, V."]
[Black "Yao, Lan"]
[Result "0-1"]
[WhiteElo "2113"]
[BlackElo "2015"]
[PlyCount "90"]
[EventDate "2014.09.28"]

1. d4 Nf6 2. c4 g6 3. f3 d5 4. cxd5 Nxd5 5. e4 Nb6 6. Nc3 Bg7 7. Be3 O-O 8. Qd2
Nc6 9. O-O-O f5 10. e5 Nb4 11. Bh6 Bxh6 12. Qxh6 Be6 13. Nh3 Nxa2+ 14. Nxa2
Bxa2 15. Ng5 Rf7 16. Nxf7 Bxf7 17. Qe3 Qd7 18. Qa3 a5 19. Be2 Nd5 20. Kb1 Nb4
21. d5 Bxd5 22. Bc4 e6 23. Bxd5 Nxd5 24. Rhe1 b5 25. Qc5 a4 26. Rc1 a3 27. bxa3
b4 28. Qc6 Qc8 29. Red1 Ra6 30. Qc4 Qb7 31. Rxd5 exd5 32. Qxc7 Qxc7 33. Rxc7
bxa3 34. Ka2 Re6 35. f4 g5 36. g3 gxf4 37. gxf4 Rh6 38. Kxa3 Rxh2 39. Kb4 Kf8
40. Rd7 Rh4 41. Kc5 Rxf4 42. Kd6 Re4 43. e6 d4 44. Rd8+ Kg7 45. e7 d3 0-1

[Event "Tatry Open 2014"]
[Site "Tatranske Zruby SVK"]
[Date "2014.10.01"]
[Round "5.1"]
[White "Zambor, N."]
[Black "Vojta, T."]
[Result "1-0"]
[WhiteElo "2279"]
[BlackElo "2373"]
[PlyCount "95"]
[EventDate "2014.09.28"]

1. e4 Nf6 2. e5 Nd5 3. d4 d6 4. Nf3 Bg4 5. Be2 e6 6. O-O Be7 7. h3 Bh5 8. c4
Nb6 9. Nc3 O-O 10. Be3 d5 11. c5 N6d7 12. g4 Bg6 13. b4 f5 14. Qd2 fxg4 15. Ng5
Bxg5 16. Bxg5 Qe8 17. hxg4 Nc6 18. b5 Ne7 19. f4 c6 20. Rf2 h6 21. Bh4 h5 22.
f5 exf5 23. gxh5 Bh7 24. Qf4 Qf7 25. Rg2 Rfe8 26. Kf2 Nf8 27. Rag1 Ne6 28. Qh6
Kh8 29. Rxg7 Nxg7 30. Rxg7 Qxg7 31. Bf6 Rg8 32. bxc6 bxc6 33. Bxg7+ Rxg7 34.
Qf6 Kg8 35. h6 Rf7 36. Qd6 Bg6 37. Ba6 Raf8 38. Bb7 Bh5 39. Bxc6 Nxc6 40. Qxc6
Rb8 41. e6 Rb2+ 42. Kf1 Rf6 43. Qd7 Rxh6 44. e7 Rc2 45. Qc8+ Kg7 46. Qf8+ Kh7
47. Qxf5+ Bg6 48. Qxc2 1-0

[Event "Tatry Open 2014"]
[Site "Tatranske Zruby SVK"]
[Date "2014.10.01"]
[Round "5.2"]
[White "Kernazhitsky, L."]
[Black "Jarmula, L."]
[Result "0-1"]
[WhiteElo "2298"]
[BlackElo "2314"]
[PlyCount "132"]
[EventDate "2014.09.28"]

1. e4 e5 2. Nf3 Nc6 3. Bb5 a6 4. Bxc6 dxc6 5. Nc3 f6 6. d4 exd4 7. Nxd4 c5 8.
Nde2 Qxd1+ 9. Nxd1 Be6 10. Bf4 O-O-O 11. Ne3 Ne7 12. Rd1 Rxd1+ 13. Kxd1 g5 14.
Bg3 Bg7 15. Kc1 f5 16. exf5 Nxf5 17. Nxf5 Bxf5 18. f3 Re8 19. Re1 g4 20. Nc3
Bh6+ 21. Kb1 Rxe1+ 22. Bxe1 gxf3 23. gxf3 Bh3 24. Bg3 Bg2 25. f4 Kd7 26. Nd1
Ke6 27. Ne3 Be4 28. Kc1 Bg7 29. c3 b5 30. Kd2 b4 31. a3 bxc3+ 32. bxc3 Kd7 33.
Nc4 Kc6 34. Ne5+ Kb5 35. Kc1 c4 36. Kb2 Bd5 37. Ng4 Be4 38. Ne5 Bf8 39. a4+
Kxa4 40. Nxc4 Bd3 41. Ne3 Ba3+ 42. Ka2 Bc1 43. Nd1 Bc2 44. Nb2+ Kb5 45. f5 Bxf5
46. Bxc7 Bc2 47. Be5 Kc5 48. c4 h5 49. h4 Be3 50. Bf6 Kb4 51. Be7+ Kc3 52. Ka3
Kd4 53. Bf6+ Kc5 54. Be7+ Kc6 55. Na4 Bc1+ 56. Nb2 a5 57. Bf6 Bd2 58. Be7 Kd7
59. Bc5 Be1 60. Bb6 Bb4+ 61. Ka2 a4 62. c5 Kc6 63. Bd8 Kxc5 64. Be7+ Kb5 65.
Nxa4 Kxa4 66. Kb2 Bf5 0-1

[Event "Tatry Open 2014"]
[Site "Tatranske Zruby SVK"]
[Date "2014.10.01"]
[Round "5.3"]
[White "Pagerka, M."]
[Black "Jasny, S."]
[Result "1/2-1/2"]
[WhiteElo "2297"]
[BlackElo "2409"]
[PlyCount "117"]
[EventDate "2014.09.28"]

1. e4 c5 2. Nf3 Nc6 3. d4 cxd4 4. Nxd4 Nf6 5. Nc3 d6 6. Bg5 e6 7. Qd2 h6 8.
Bxf6 gxf6 9. O-O-O a6 10. f4 h5 11. Kb1 Bd7 12. h4 Qb6 13. Nce2 Na5 14. Nc1 Rc8
15. Rh3 Be7 16. f5 Nc6 17. fxe6 fxe6 18. Nxc6 Bxc6 19. Rc3 Bd7 20. Bc4 Qa7 21.
Ne2 b5 22. Bb3 Rxc3 23. Qxc3 Qc5 24. Qg3 Kf7 25. Nf4 Rg8 26. Nxe6 Qxc2+ 27.
Kxc2 Rxg3 28. Nf4+ Ke8 29. Nxh5 Rxg2+ 30. Rd2 Rg4 31. Rf2 Rxh4 32. Nxf6+ Bxf6
33. Rxf6 Rxe4 34. Rxd6 Bc8 35. Kc3 Ke7 36. Rh6 Rf4 37. Bd5 a5 38. a3 b4+ 39.
axb4 axb4+ 40. Kb3 Bg4 41. Bc4 Kd7 42. Rh2 Kc7 43. Rd2 Re4 44. Kxb4 Be6 45. Rc2
Kb6 46. b3 Bxc4 47. bxc4 Rh4 48. Rf2 Rh6 49. Rf5 Rg6 50. Rb5+ Kc6 51. Ra5 Kb6
52. c5+ Kb7 53. Kb5 Rh6 54. Ra1 Rg6 55. Rd1 Kc7 56. Rh1 Rf6 57. Rh7+ Kc8 58.
Rh8+ Kc7 59. Rh7+ 1/2-1/2